[Event "XLVIII C.to Torinese Assoluto 2003"]
[Site "Torino ITA"]
[Date "2004.01.??"]
[Round "1"]
[White "Bianco, Daniele"]
[Black "Sorcinelli, Francesco"]
[WhiteElo "1674"]
[BlackElo "2065"]
[Result "1-0"]
[PlyCount "47"]
[EventDate "2004.01.??"]

1. d4 Nf6 2. Nf3 g6 3. b3 Bg7 4. Bb2 O-O 5. g3 d5 6. Bg2 Nbd7 7. O-O Ne4 8. c4
dxc4 9. bxc4 c5 10. e3 Nd6 11. Nbd2 Nb6 12. Qc2 Be6 13. dxc5 Bxb2 14. Qxb2
Nbxc4 15. Nxc4 Nxc4 16. Qxb7 Bd5 17. Qb4 Qc7 18. e4 Rab8 19. Qc3 Be6 20. Ng5
Qxc5 21. Nxe6 fxe6 22. Rac1 Rbc8 23. Bh3 Rc6 24. Qxc4 1-0

[Event "XLVIII C.to Torinese Assoluto 2003"]
[Site "Torino ITA"]
[Date "2004.01.??"]
[Round "1"]
[White "Faraoni, Enrico"]
[Black "Nardelli, Marco"]
[WhiteElo "2164"]
[BlackElo "1952"]
[Result "1/2-1/2"]
[PlyCount "88"]
[EventDate "2004.01.??"]

1. e4 c5 2. Nf3 Nc6 3. Bb5 g6 4. O-O Bg7 5. Re1 e5 6. c3 Nge7 7. d3 O-O 8. Bg5
Qb6 9. Na3 d6 10. Bxc6 Nxc6 11. Nc4 Qc7 12. Ne3 Be6 13. Nd5 Bxd5 14. exd5 Nd8
15. d4 f6 16. Bd2 Nf7 17. Qa4 Rae8 18. Rad1 Qc8 19. dxc5 dxc5 20. Be3 a6 21.
Qa5 b5 22. Qb6 e4 23. Nd2 Ne5 24. Qxc5 Nd3 25. Qxc8 Rxc8 26. Nxe4 Nxb2 27. Bc5
Rfd8 28. Be7 Nxd1 29. Bxd8 Nxc3 30. Nxc3 Rxd8 31. Rd1 f5 32. Ne2 Be5 33. f4 Bc7
34. Kf2 Kf7 35. Kf3 Bb6 36. Rd3 Ke7 37. g4 Kd6 38. Ng3 Rf8 39. gxf5 gxf5 40.
Rd2 a5 41. Re2 Bd4 42. Rd2 Bb6 43. Re2 Bd4 44. Rd2 Bb6 1/2-1/2

[Event "XLVIII C.to Torinese Assoluto 2003"]
[Site "Torino ITA"]
[Date "2004.01.??"]
[Round "1"]
[White "Fassio, Luca"]
[Black "Giacomasso, Enrico"]
[WhiteElo "2123"]
[BlackElo "1903"]
[Result "1-0"]
[PlyCount "75"]
[EventDate "2004.01.??"]

1. e4 c5 2. c3 d5 3. exd5 Qxd5 4. d4 Nf6 5. Nf3 Bg4 6. Be2 e6 7. O-O Be7 8. Be3
cxd4 9. cxd4 O-O 10. Nc3 Qd8 11. h3 Bh5 12. Qb3 Nbd7 13. Qxb7 Rb8 14. Qxa7 Ra8
15. Qb7 Rb8 16. Qa6 Rxb2 17. Rab1 Qb8 18. Bb5 Rxb1 19. Rxb1 Bg6 20. Bd3 Qc8 21.
Rb3 Bxd3 22. Qxd3 Qa8 23. Ne5 Rd8 24. Qb5 Rb8 25. Qc6 Nxe5 26. Qxa8 Rxa8 27.
dxe5 Nd7 28. Rb7 Nxe5 29. Rxe7 h6 30. a4 Rc8 31. Nb5 Rc4 32. Ra7 Rb4 33. Nd6 g5
34. a5 Ra4 35. a6 Nc6 36. Ra8+ Kg7 37. a7 f5 38. Rc8 1-0

[Event "XLVIII C.to Torinese Assoluto 2003"]
[Site "Torino ITA"]
[Date "2004.01.??"]
[Round "1"]
[White "Giovine, Michele"]
[Black "Ragni, Paolo"]
[WhiteElo "1836"]
[BlackElo "2093"]
[Result "1/2-1/2"]
[PlyCount "107"]
[EventDate "2004.01.??"]

1. e4 e5 2. Nf3 Nc6 3. Bc4 Nf6 4. Ng5 d5 5. exd5 Na5 6. Bb5+ c6 7. dxc6 bxc6 8.
Qf3 Bd7 9. Ba4 Rb8 10. Bb3 Nxb3 11. axb3 Bc5 12. Nc3 O-O 13. d3 h6 14. Nge4
Nxe4 15. Nxe4 Bb6 16. O-O f5 17. Nc3 Qc7 18. Qg3 Kh7 19. Kh1 f4 20. Qf3 Rbe8
21. Bd2 g5 22. h3 Qc8 23. Ne4 g4 24. hxg4 Bxg4 25. Nd6 Bxf3 26. Nxc8 Rxc8 27.
gxf3 Rf5 28. Rg1 Bxf2 29. Rg4 Rc7 30. Be1 Bd4 31. Bc3 Bb6 32. Re1 Be3 33. Ra1
Rd7 34. Ra6 Bb6 35. Ba5 Rb7 36. Bxb6 axb6 37. Ra8 Rg7 38. Rxg7+ Kxg7 39. Ra6
Rg5 40. Rxb6 Rg3 41. Rxc6 Rxf3 42. b4 Rg3 43. Kh2 Rg5 44. Ra6 f3 45. Ra1 Rg2+
46. Kh3 Rxc2 47. Kg3 Rxb2 48. Kxf3 Rxb4 49. Ra6 Rd4 50. Ke3 h5 51. Re6 Rd5 52.
Ke4 Ra5 53. Rxe5 Rxe5+ 54. Kxe5 1/2-1/2

[Event "XLVIII C.to Torinese Assoluto 2003"]
[Site "Torino ITA"]
[Date "2004.01.??"]
[Round "1"]
[White "Pepino, Enrico"]
[Black "De Barberis, Massimo"]
[WhiteElo "2076"]
[BlackElo "2102"]
[Result "1/2-1/2"]
[PlyCount "81"]
[EventDate "2004.01.??"]

1. e4 c6 2. d4 g6 3. Nc3 d5 4. e5 h5 5. Bd3 Nh6 6. f4 Bf5 7. Be3 Bxd3 8. Qxd3
e6 9. O-O-O Nf5 10. Bf2 Nd7 11. Nf3 Qa5 12. Kb1 Bb4 13. Ne2 O-O-O 14. Be1 Kb8
15. Ng5 Rhf8 16. Bxb4 Qxb4 17. c3 Qe7 18. g3 c5 19. h3 c4 20. Qf3 Rh8 21. g4
Ng7 22. Ng3 Rh6 23. Rdf1 Rdh8 24. Re1 Kc7 25. Kc2 b5 26. Qg2 a5 27. Nf3 hxg4
28. hxg4 Rxh1 29. Rxh1 Rxh1 30. Qxh1 f6 31. Qh4 g5 32. Qh6 gxf4 33. Qxf4 fxe5
34. Nxe5 Nxe5 35. Qxe5+ Kd7 36. Ne2 Ne8 37. g5 Qh7+ 38. Kc1 Qh1+ 39. Kc2 Qh7+
40. Kc1 Qh1+ 41. Kc2 1/2-1/2

[Event "XLVIII C.to Torinese Assoluto 2003"]
[Site "Torino ITA"]
[Date "2004.01.??"]
[Round "1"]
[White "Pulito, Alberto"]
[Black "Fortino, Fabrizio"]
[WhiteElo "2091"]
[BlackElo "1786"]
[Result "1-0"]
[PlyCount "45"]
[EventDate "2004.01.??"]

1. e4 c5 2. Nc3 Nc6 3. f4 e6 4. Nf3 d6 5. Bb5 Nge7 6. O-O a6 7. Bxc6+ Nxc6 8.
Kh1 b5 9. d4 cxd4 10. Nxd4 Bb7 11. Nxc6 Bxc6 12. f5 b4 13. fxe6 bxc3 14. Qh5 g6
15. exf7+ Kd7 16. Qh3+ Kc7 17. Qxc3 Be7 18. Be3 Kd7 19. Qd4 Rb8 20. Rad1 Qc7
21. e5 d5 22. c4 Rb4 23. a3 1-0

[Event "XLVIII C.to Torinese Assoluto 2003"]
[Site "Torino ITA"]
[Date "2004.01.??"]
[Round "1"]
[White "Settis, Massimo"]
[Black "Cordara, Michele"]
[WhiteElo "1963"]
[BlackElo "2187"]
[Result "1-0"]
[PlyCount "69"]
[EventDate "2004.01.??"]

1. c4 Nf6 2. g3 c5 3. Bg2 d5 4. cxd5 Nxd5 5. Nc3 Nc7 6. d3 e5 7. Nf3 Nc6 8. O-O
Bd6 9. Nd2 O-O 10. Bxc6 bxc6 11. Nc4 Ne6 12. Qa4 Qc7 13. b3 Be7 14. Qa5 Qb8 15.
Ba3 Bd8 16. Qa4 Bd7 17. Rac1 f5 18. b4 Bg5 19. Rb1 Qe8 20. Nxe5 Rf6 21. f4 Rh6
22. fxg5 Nxg5 23. Nf3 Qh5 24. Nh4 f4 25. bxc5 Nh3+ 26. Kg2 g5 27. Nf3 g4 28.
Nh4 Qe5 29. Ne4 Rxh4 30. gxh4 Rf8 31. Qc4+ Be6 32. Bb2 Qf5 33. Qd4 f3+ 34. exf3
gxf3+ 35. Kh1 1-0

[Event "XLVIII C.to Torinese Assoluto 2003"]
[Site "Torino ITA"]
[Date "2004.01.??"]
[Round "2"]
[White "Cordara, Michele"]
[Black "Giovine, Michele"]
[WhiteElo "2187"]
[BlackElo "1836"]
[Result "1-0"]
[PlyCount "67"]
[EventDate "2004.01.??"]

1. c4 e6 2. g3 f5 3. Bg2 Nf6 4. Nf3 Nc6 5. b3 Be7 6. Bb2 O-O 7. O-O d6 8. d4 d5
9. e3 h6 10. Ne5 Kh7 11. cxd5 exd5 12. Nxc6 bxc6 13. Qc2 Qe8 14. Nd2 Kh8 15.
Rac1 Bd7 16. Nf3 Bd6 17. Ne5 Bxe5 18. dxe5 Ne4 19. Bd4 Qh5 20. e6 Be8 21. Qb2
Qg6 22. Bxe4 fxe4 23. Qa3 Rf3 24. Qe7 Rc8 25. Rc5 Qg4 26. Ra5 Bh5 27. Rxa7 Re8
28. Qxc7 Rxe6 29. Qc8+ Re8 30. Qxg4 Bxg4 31. Rxg7 c5 32. Bb2 Bh5 33. Rg5+ d4
34. Rxh5 1-0

[Event "XLVIII C.to Torinese Assoluto 2003"]
[Site "Torino ITA"]
[Date "2004.01.??"]
[Round "2"]
[White "Fortino, Fabrizio"]
[Black "Sorcinelli, Francesco"]
[WhiteElo "1786"]
[BlackElo "2065"]
[Result "1-0"]
[PlyCount "73"]
[EventDate "2004.01.??"]

1. e4 e5 2. d4 exd4 3. Qxd4 Nc6 4. Qe3 Nf6 5. Nc3 Be7 6. Bc4 O-O 7. h3 d6 8.
Bd2 Be6 9. Bxe6 fxe6 10. Nf3 Qd7 11. e5 Nd5 12. Nxd5 exd5 13. e6 Qc8 14. Bc3
Nd8 15. O-O-O Qxe6 16. Qxe6+ Nxe6 17. Rhe1 Bg5+ 18. Nxg5 Nxg5 19. Rxd5 h6 20.
h4 Nh7 21. Re7 Rf7 22. Rxf7 Kxf7 23. Rd3 Re8 24. Rg3 Nf6 25. Rf3 Re4 26. g3 d5
27. Bxf6 gxf6 28. Kd2 Ke6 29. Re3 Rxe3 30. Kxe3 c5 31. g4 b5 32. c3 a5 33. a4
bxa4 34. f4 d4+ 35. cxd4 c4 36. Kd2 Kd5 37. Kc3 1-0

[Event "XLVIII C.to Torinese Assoluto 2003"]
[Site "Torino ITA"]
[Date "2004.01.??"]
[Round "2"]
[White "Giacomasso, Enrico"]
[Black "Vinciguerra, Marco"]
[WhiteElo "1903"]
[BlackElo "2141"]
[Result "1/2-1/2"]
[PlyCount "64"]
[EventDate "2004.01.??"]

1. e4 d5 2. exd5 Nf6 3. Nf3 Nxd5 4. d4 g6 5. Be2 Bg7 6. O-O O-O 7. c3 b6 8. Re1
Bb7 9. Na3 Nd7 10. Bg5 h6 11. Bd2 c5 12. Nc2 cxd4 13. cxd4 Rc8 14. Rc1 Nb8 15.
Ne5 Nc6 16. Bf3 Rc7 17. Qe2 e6 18. Nxg6 fxg6 19. Qxe6+ Rcf7 20. Bxd5 Nxd4 21.
Nxd4 Bxd5 22. Qxg6 Rf6 23. Qg3 Rxf2 24. Re2 R2f6 25. Bc3 Qd7 26. Rce1 Bc4 27.
Nf3 Bxe2 28. Bxf6 Bxf3 29. Bxg7 Qxg7 30. gxf3 Qxg3+ 31. hxg3 Rxf3 32. Kg2 Rf7
1/2-1/2

[Event "XLVIII C.to Torinese Assoluto 2003"]
[Site "Torino ITA"]
[Date "2004.01.??"]
[Round "2"]
[White "Nardelli, Marco"]
[Black "Pepino, Enrico"]
[WhiteElo "1952"]
[BlackElo "2076"]
[Result "0-1"]
[PlyCount "42"]
[EventDate "2004.01.??"]

1. d4 Nf6 2. c4 g6 3. Nc3 Bg7 4. e4 d6 5. f4 O-O 6. Nf3 c5 7. d5 Na6 8. Be2 e6
9. O-O exd5 10. cxd5 Nc7 11. a4 b6 12. e5 dxe5 13. d6 Ne6 14. fxe5 Nd7 15. Bc4
Nxe5 16. Nxe5 Bxe5 17. Bh6 Qh4 18. Bf4 Bxf4 19. Rxf4 Qxf4 20. Qe2 Qxd6 21. Rf1
Bb7 0-1

[Event "XLVIII C.to Torinese Assoluto 2003"]
[Site "Torino ITA"]
[Date "2004.01.??"]
[Round "2"]
[White "Pulito, Alberto"]
[Black "Bianco, Daniele"]
[WhiteElo "2091"]
[BlackElo "1674"]
[Result "1-0"]
[PlyCount "87"]
[EventDate "2004.01.??"]

1. e4 e6 2. d4 d5 3. e5 b6 4. Nf3 Qd7 5. Bd3 c5 6. c3 Ba6 7. O-O Bxd3 8. Qxd3
Nc6 9. a3 c4 10. Qe2 Nge7 11. Ne1 O-O-O 12. Nd2 Na5 13. Rb1 f5 14. b3 cxb3 15.
c4 dxc4 16. Nxc4 Nxc4 17. Qxc4+ Kb8 18. Qxb3 Qd5 19. Nd3 Qxb3 20. Rxb3 Nc6 21.
Bg5 Rd7 22. Nc5 Bxc5 23. dxc5 Nd4 24. Rb2 b5 25. Be3 a6 26. a4 Kc7 27. Bxd4
Rxd4 28. axb5 axb5 29. Rxb5 Rd5 30. f4 Ra8 31. g3 Ra2 32. Rf2 Rxf2 33. Kxf2 Kc6
34. Rb6+ Kxc5 35. Rxe6 Rd2+ 36. Kf3 Rxh2 37. Re7 g6 38. Rd7 Rh1 39. Kg2 Re1 40.
Rxh7 Kd5 41. Rg7 Ke4 42. Rxg6 Re2+ 43. Kh3 Kf3 44. Kh4 1-0

[Event "XLVIII C.to Torinese Assoluto 2003"]
[Site "Torino ITA"]
[Date "2004.01.??"]
[Round "2"]
[White "Ragni, Paolo"]
[Black "Faraoni, Enrico"]
[WhiteElo "2093"]
[BlackElo "2164"]
[Result "0-1"]
[PlyCount "72"]
[EventDate "2004.01.??"]

1. d4 Nf6 2. c4 g6 3. g3 Bg7 4. Bg2 c5 5. Nf3 O-O 6. Nc3 d6 7. O-O Na6 8. b3
Qa5 9. Bb2 cxd4 10. Nxd4 Qh5 11. Re1 Ng4 12. h3 Ne5 13. e4 Qxd1 14. Raxd1 Nc5
15. Bf1 Ned3 16. Bxd3 Bxd4 17. Bf1 e5 18. Rxd4 exd4 19. Nb5 Bd7 20. Nxd4 Rae8
21. f3 f5 22. b4 fxe4 23. bxc5 dxc5 24. Nb5 exf3 25. Kf2 a6 26. Nd6 Rxe1 27.
Kxe1 Bc6 28. Kf2 Rd8 29. Be5 Kf8 30. Ke3 Ke7 31. Kf4 Rxd6 32. Bxd6+ Kxd6 33.
Kg5 Ke5 34. h4 Be4 35. Kh6 Kd4 36. Kxh7 Ke3 0-1

[Event "XLVIII C.to Torinese Assoluto 2003"]
[Site "Torino ITA"]
[Date "2004.01.??"]
[Round "2"]
[White "Settis, Massimo"]
[Black "Fassio, Luca"]
[WhiteElo "1963"]
[BlackElo "2123"]
[Result "1-0"]
[PlyCount "57"]
[EventDate "2004.01.??"]

1. c4 g6 2. g3 Bg7 3. Bg2 d6 4. Nc3 Nf6 5. d3 O-O 6. e4 c5 7. Nge2 Nc6 8. O-O
a6 9. a4 Rb8 10. Rb1 e5 11. f4 Bd7 12. Nd5 Nxd5 13. exd5 Nb4 14. fxe5 dxe5 15.
Be3 Qc7 16. Nc3 f5 17. Qd2 b5 18. axb5 axb5 19. b3 Rf6 20. Ra1 Rfb6 21. Ra5 Ra6
22. Rxa6 Nxa6 23. Ra1 Nb4 24. Nxb5 Bxb5 25. cxb5 Rxb5 26. Qc3 Qb6 27. Qc4 Bf8
28. Ra8 Kg7 29. d6 1-0

[Event "XLVIII C.to Torinese Assoluto 2003"]
[Site "Torino ITA"]
[Date "2004.01.??"]
[Round "3"]
[White "Bianco, Daniele"]
[Black "De Barberis, Massimo"]
[WhiteElo "1674"]
[BlackElo "2102"]
[Result "1-0"]
[PlyCount "52"]
[EventDate "2004.01.??"]

1. d4 Nf6 2. Nf3 e6 3. e3 b6 4. c4 Bb7 5. Bd3 Be7 6. Nc3 O-O 7. O-O d5 8. b3 c5
9. dxc5 dxc4 10. Bxc4 Bxc5 11. a3 Nc6 12. b4 Be7 13. Qe2 Rc8 14. Bb2 Qc7 15.
Rac1 Nd4 16. Nxd4 Qxc4 17. Qxc4 Rxc4 18. Ncb5 Bd5 19. Rxc4 Bxc4 20. Nxa7 Ne4
21. Ndc6 Bd6 22. Rc1 Ba6 23. Rd1 Bb8 24. f3 Nf6 25. Nxb8 Rxb8 26. Nc6 Rc8 1-0

[Event "XLVIII C.to Torinese Assoluto 2003"]
[Site "Torino ITA"]
[Date "2004.01.??"]
[Round "3"]
[White "Faraoni, Enrico"]
[Black "Pulito, Alberto"]
[WhiteElo "2164"]
[BlackElo "2091"]
[Result "0-1"]
[PlyCount "90"]
[EventDate "2004.01.??"]

1. e4 e6 2. c4 d5 3. exd5 exd5 4. d4 Nf6 5. Bd3 Bb4+ 6. Nc3 dxc4 7. Bxc4 O-O 8.
Nge2 Nbd7 9. O-O Nb6 10. Bb3 c6 11. Qd3 Nfd5 12. Ng3 Bd6 13. Nce4 Nf4 14. Bxf4
Bxf4 15. Nh5 Bxh2+ 16. Kxh2 Qh4+ 17. Kg1 Qxh5 18. Nd6 Nd5 19. Rfe1 Qg4 20. Bxd5
cxd5 21. Re7 Qf4 22. Qa3 Be6 23. Rxb7 Qxd4 24. Nb5 Qf4 25. Nc7 Rad8 26. Qxa7
Bc8 27. g3 Qe4 28. Rb3 d4 29. Rd1 Bh3 30. Qb7 Qc2 31. Rbd3 Rd7 32. Qf3 Rxc7 33.
g4 Bxg4 34. Qxg4 Qxb2 35. Rxd4 Rc6 36. Qe4 Rg6+ 37. Kf1 Qxa2 38. Qd3 Qa6 39.
Qxa6 Rxa6 40. f4 g6 41. f5 Rf6 42. Rf4 Ra8 43. Rd5 Ra2 44. Re4 Kg7 45. Ke1 Rb6
0-1

[Event "XLVIII C.to Torinese Assoluto 2003"]
[Site "Torino ITA"]
[Date "2004.01.??"]
[Round "3"]
[White "Fassio, Luca"]
[Black "Fortino, Fabrizio"]
[WhiteElo "2123"]
[BlackElo "1786"]
[Result "1/2-1/2"]
[PlyCount "98"]
[EventDate "2004.01.??"]

1. e4 c6 2. d4 d5 3. exd5 cxd5 4. c4 Nf6 5. Nc3 e6 6. Nf3 Be7 7. Be3 Nc6 8. a3
O-O 9. c5 b6 10. Bb5 Bb7 11. b4 bxc5 12. dxc5 Qc7 13. O-O Rfd8 14. Bxc6 Bxc6
15. Bd4 Ne4 16. Qb3 f6 17. Rfd1 Nxc3 18. Bxc3 e5 19. Rab1 Rab8 20. Qa2 Kh8 21.
Qe2 d4 22. Be1 d3 23. Rxd3 Rxd3 24. Qxd3 e4 25. Qe3 exf3 26. gxf3 a5 27. Bc3 h6
28. Re1 Re8 29. Qd3 axb4 30. axb4 Qb7 31. Qg6 Qb8 32. Qf7 Bf8 33. Rd1 Re7 34.
Qh5 Qf4 35. Kg2 Kg8 36. Rd6 Be8 37. Qh3 Qg5+ 38. Qg3 Qxg3+ 39. hxg3 Rb7 40. Rd8
Kf7 41. Ra8 Bc6 42. Ra6 Bb5 43. Ra8 Be7 44. Rc8 Bd7 45. Ra8 Bc6 46. Rc8 Bb5 47.
Ra8 Rd7 48. Rb8 Bc6 49. Rc8 Bxf3+ 1/2-1/2

[Event "XLVIII C.to Torinese Assoluto 2003"]
[Site "Torino ITA"]
[Date "2004.01.??"]
[Round "3"]
[White "Giovine, Michele"]
[Black "Nardelli, Marco"]
[WhiteElo "1836"]
[BlackElo "1952"]
[Result "0-1"]
[PlyCount "65"]
[EventDate "2004.01.??"]

1. e4 c5 2. Bc4 e6 3. Nc3 Nc6 4. d3 a6 5. f4 Nge7 6. Nf3 d5 7. Bb3 dxe4 8. dxe4
Qxd1+ 9. Nxd1 b5 10. c3 Ng6 11. O-O c4 12. Bc2 Be7 13. f5 Nge5 14. Nd4 Bc5 15.
fxe6 Bxd4+ 16. cxd4 Nxd4 17. exf7+ Nxf7 18. Ne3 Nxc2 19. Nxc2 Ne5 20. Bd2 Nd3
21. Bc3 Ra7 22. a4 Rb7 23. axb5 axb5 24. Ra8 Kd8 25. Nb4 Nxb4 26. Bxb4 Re8 27.
e5 Kd7 28. e6+ Kc6 29. e7 Bd7 30. Rd8 Rb8 31. Rf8 Kc7 32. Bd6+ Kxd6 33. Rfxe8
0-1

[Event "XLVIII C.to Torinese Assoluto 2003"]
[Site "Torino ITA"]
[Date "2004.01.??"]
[Round "3"]
[White "Pepino, Enrico"]
[Black "Settis, Massimo"]
[WhiteElo "2076"]
[BlackElo "1963"]
[Result "1-0"]
[PlyCount "77"]
[EventDate "2004.01.??"]

1. e4 e5 2. Nf3 Nc6 3. d4 exd4 4. Nxd4 Nf6 5. Nc3 Bb4 6. Nxc6 bxc6 7. Bd3 O-O
8. O-O d5 9. exd5 cxd5 10. Bg5 c6 11. Qf3 Be7 12. Rfe1 Be6 13. Re5 h6 14. Bd2
Bg4 15. Qg3 Bd6 16. f4 Qd7 17. h3 Bxe5 18. fxe5 Ne4 19. Bxe4 dxe4 20. Be3 Bf5
21. Rd1 Qe7 22. Bxh6 Bg6 23. Be3 Rfe8 24. Bf4 Rad8 25. Re1 Qb4 26. b3 e3 27.
Rxe3 Bxc2 28. h4 Rd4 29. Bg5 Re6 30. Qf2 Bd1 31. Kh2 Bh5 32. Qb2 Qb8 33. Qf2 f6
34. Bf4 fxe5 35. Bg3 Qf8 36. Qe1 Qf5 37. Bxe5 Rd3 38. Qg3 Rxe3 39. Qxg7# 1-0

[Event "XLVIII C.to Torinese Assoluto 2003"]
[Site "Torino ITA"]
[Date "2004.01.??"]
[Round "3"]
[White "Sorcinelli, Francesco"]
[Black "Giacomasso, Enrico"]
[WhiteElo "2065"]
[BlackElo "1903"]
[Result "1-0"]
[PlyCount "127"]
[EventDate "2004.01.??"]

1. e4 c5 2. Nf3 d6 3. d4 cxd4 4. Nxd4 Nf6 5. Nc3 a6 6. Be3 e6 7. f3 Be7 8. Qd2
Nc6 9. g4 Nxd4 10. Bxd4 e5 11. Be3 Be6 12. g5 Nh5 13. O-O-O O-O 14. Kb1 Rc8 15.
h4 Kh8 16. Bh3 Qa5 17. Nd5 Qxd2 18. Rxd2 Bd8 19. Bg2 f5 20. gxf6 gxf6 21. f4
Rg8 22. fxe5 Bxd5 23. exd5 fxe5 24. Bh3 Rc4 25. Be6 Rf8 26. Rf2 Rxf2 27. Bxf2
Nf4 28. b3 Rc3 29. Be1 Rf3 30. Bc8 a5 31. Bxb7 Ng2 32. Bd2 Nxh4 33. Ba6 Ng6 34.
Bd3 Kg7 35. Be4 Rf2 36. Bh6+ Kg8 37. a3 Bb6 38. Re1 Bc5 39. Be3 Bxe3 40. Rxe3
Rf4 41. b4 axb4 42. axb4 Ne7 43. c4 Rf1+ 44. Kb2 Rd1 45. Rg3+ Kf8 46. Bxh7 Rd4
47. Kc3 Rh4 48. Bc2 Ke8 49. Ba4+ Kd8 50. Bc2 Kc7 51. Rg7 Rh3+ 52. Kb2 Kd8 53.
Rf7 Rh4 54. Rf8+ Kc7 55. Kb3 Rh3+ 56. Ka4 Rc3 57. Bb3 Nc8 58. b5 Nb6+ 59. Kb4
Rg3 60. Rf7+ Kb8 61. Ka5 Nc8 62. Ba4 e4 63. b6 Ra3 64. b7 1-0

[Event "XLVIII C.to Torinese Assoluto 2003"]
[Site "Torino ITA"]
[Date "2004.01.??"]
[Round "3"]
[White "Vinciguerra, Marco"]
[Black "Ragni, Paolo"]
[WhiteElo "2141"]
[BlackElo "2093"]
[Result "1-0"]
[PlyCount "77"]
[EventDate "2004.01.??"]

1. Nf3 d5 2. c4 d4 3. e3 c5 4. g3 Nc6 5. exd4 cxd4 6. d3 g6 7. Bg2 Bg7 8. O-O
Nf6 9. b4 Nxb4 10. Qa4+ Nc6 11. Ne5 Bd7 12. Nxc6 Bxc6 13. Bxc6+ bxc6 14. Qxc6+
Nd7 15. Nd2 O-O 16. Nf3 Rc8 17. Qe4 Nc5 18. Qe2 Rc6 19. Ba3 Qa5 20. Bxc5 Qxc5
21. Rab1 Re6 22. Qc2 Qh5 23. Kg2 Qc5 24. Kg1 h6 25. Rb5 Qc6 26. Qd1 Rd8 27. Nd2
f5 28. Re1 Rdd6 29. Rxe6 Rxe6 30. Rd5 Rd6 31. Rxd6 Qxd6 32. Qa4 a6 33. Nb3 Kh7
34. c5 Qe6 35. c6 f4 36. Qc4 Qc8 37. Qd5 fxg3 38. hxg3 Qc7 39. Qd7 1-0

[Event "XLVIII C.to Torinese Assoluto 2003"]
[Site "Torino ITA"]
[Date "2004.01.??"]
[Round "4"]
[White "Cordara, Michele"]
[Black "Bianco, Daniele"]
[WhiteElo "2187"]
[BlackElo "1674"]
[Result "1-0"]
[PlyCount "67"]
[EventDate "2004.01.??"]

1. c4 e6 2. g3 d5 3. Nf3 dxc4 4. Na3 Bxa3 5. Qa4+ Bd7 6. Qxa3 Bc6 7. Bg2 b5 8.
Qc3 Nf6 9. b3 cxb3 10. axb3 O-O 11. Bb2 Bd5 12. d3 Nbd7 13. e4 Bb7 14. Nd4 Ne5
15. f4 b4 16. Qd2 Nc6 17. Nxc6 Bxc6 18. Ra5 Ne8 19. O-O Qb8 20. f5 Qb6+ 21. Qf2
Qxa5 22. fxe6 Nd6 23. Bxg7 Qg5 24. Bf6 Qg6 25. e7 Rfe8 26. Qc5 Bb5 27. e5 Bxd3
28. Bxa8 Bxf1 29. exd6 cxd6 30. Qc6 Qxf6 31. Qxe8+ Kg7 32. Qf8+ Kg6 33. e8=Q
Bd3 34. Be4+ 1-0

[Event "XLVIII C.to Torinese Assoluto 2003"]
[Site "Torino ITA"]
[Date "2004.01.??"]
[Round "4"]
[White "De Barberis, Massimo"]
[Black "Settis, Massimo"]
[WhiteElo "2102"]
[BlackElo "1963"]
[Result "1-0"]
[PlyCount "36"]
[EventDate "2004.01.??"]

1. e4 e5 2. Bc4 Nf6 3. Nc3 Nc6 4. d3 Bb4 5. Nge2 d5 6. exd5 Nxd5 7. O-O Be6 8.
Ne4 Be7 9. N2g3 O-O 10. Qh5 Qd7 11. Nf5 Bxf5 12. Bxd5 Qxd5 13. Qxf5 Nd4 14. Qh5
Nxc2 15. Bg5 f6 16. Rac1 Qxd3 17. Qg4 fxg5 18. Rfd1 Qc4 1-0

[Event "XLVIII C.to Torinese Assoluto 2003"]
[Site "Torino ITA"]
[Date "2004.01.??"]
[Round "4"]
[White "Fortino, Fabrizio"]
[Black "Faraoni, Enrico"]
[WhiteElo "1786"]
[BlackElo "2164"]
[Result "0-1"]
[PlyCount "106"]
[EventDate "2004.01.??"]

1. e4 e5 2. f4 exf4 3. Bc4 d5 4. exd5 Qh4+ 5. Kf1 f3 6. Bb5+ c6 7. Nxf3 Qh5 8.
Qe2+ Be7 9. dxc6 Nxc6 10. d4 Bg4 11. Nc3 Nf6 12. Bxc6+ bxc6 13. Kf2 O-O 14.
Qxe7 Bxf3 15. gxf3 Rfe8 16. Qd6 Qf5 17. Qf4 Qxc2+ 18. Qd2 Qf5 19. Rg1 Re6 20.
Qg5 Qc2+ 21. Qd2 Qf5 22. b3 Rae8 23. Bb2 Re2+ 24. Qxe2 Rxe2+ 25. Nxe2 Ne4+ 26.
Ke3 Ng5 27. Nf4 f6 28. Rg2 Nf7 29. Rc1 g5 30. Nd3 Nd6 31. Rxc6 Qd5 32. Rc5 Nf5+
33. Kf2 Qe6 34. Ne5 Nh4 35. Rg1 Qf5 36. Bc1 h6 37. f4 fxe5 38. Rxe5 Qc2+ 39.
Re2 Qc6 40. fxg5 Qf3+ 41. Ke1 Qc3+ 42. Bd2 Nf3+ 43. Kf2 Nxd2 44. gxh6+ Kh7 45.
Re7+ Kxh6 46. Re3 Qxd4 47. Ke2 Qh4 48. Rgg3 Qxh2+ 49. Kd1 Qf2 50. Rh3+ Kg5 51.
Re5+ Kf4 52. Rhh5 Nf3 53. Rd5 Qxa2 0-1

[Event "XLVIII C.to Torinese Assoluto 2003"]
[Site "Torino ITA"]
[Date "2004.01.??"]
[Round "4"]
[White "Vinciguerra, Marco"]
[Black "Fassio, Luca"]
[WhiteElo "2141"]
[BlackElo "2123"]
[Result "0-1"]
[PlyCount "56"]
[EventDate "2004.01.??"]

1. b3 d6 2. Bb2 e5 3. e3 Nc6 4. Bb5 Bd7 5. Nf3 Nf6 6. O-O Be7 7. d4 exd4 8.
Nxd4 O-O 9. Nxc6 bxc6 10. Be2 Ne8 11. c4 f5 12. Nc3 Bf6 13. Qc2 g6 14. Rad1 Bg7
15. c5 d5 16. b4 Qe7 17. b5 Qxc5 18. Qb3 Rb8 19. Na4 Qe7 20. Ba3 Nd6 21. Qc2
cxb5 22. Qxc7 b4 23. Rxd5 Rfc8 24. Qxd6 Qxd6 25. Rxd6 Bxa4 26. Ra6 Be8 27. Bc1
Rc2 28. Bf3 Bb5 0-1

[Event "XLVIII C.to Torinese Assoluto 2003"]
[Site "Torino ITA"]
[Date "2004.01.??"]
[Round "5"]
[White "Cordara, Michele"]
[Black "Pulito, Alberto"]
[WhiteElo "2187"]
[BlackElo "2091"]
[Result "1/2-1/2"]
[PlyCount "70"]
[EventDate "2004.01.??"]

1. c4 e5 2. g3 g6 3. Bg2 d6 4. b4 Bg7 5. Bb2 Ne7 6. e3 O-O 7. Ne2 c6 8. O-O Be6
9. d3 Nd7 10. Nd2 f5 11. Qc2 Qc7 12. Rac1 g5 13. f4 gxf4 14. gxf4 Qb6 15. c5
Qxb4 16. cxd6 Qxd6 17. Nc4 Bxc4 18. dxc4 Qe6 19. Rf3 Ng6 20. Rg3 Rad8 21. Ba3
Rfe8 22. Bh3 Nh4 23. Kh1 Kh8 24. Rcg1 Bf6 25. e4 exf4 26. Nxf4 Qxe4+ 27. Qxe4
Rxe4 28. Nh5 Bd4 29. Rf1 Nf6 30. Nxf6 Bxf6 31. Bxf5 Nxf5 32. Rxf5 Bd4 33. Rf7
Rg8 34. Rxb7 Rxg3 35. hxg3 Re2 1/2-1/2

[Event "XLVIII C.to Torinese Assoluto 2003"]
[Site "Torino ITA"]
[Date "2004.01.??"]
[Round "5"]
[White "Faraoni, Enrico"]
[Black "Pepino, Enrico"]
[WhiteElo "2164"]
[BlackElo "2076"]
[Result "1-0"]
[PlyCount "119"]
[EventDate "2004.01.??"]

1. d4 Nf6 2. c4 g6 3. Nc3 Bg7 4. e4 d6 5. Be2 O-O 6. f4 c5 7. d5 b5 8. cxb5 a6
9. b6 Qxb6 10. Nf3 e6 11. dxe6 Bxe6 12. O-O Nc6 13. Ng5 Nd4 14. f5 Bd7 15. Bc4
Bb5 16. Qd3 Bxc4 17. Qxc4 Rad8 18. fxg6 hxg6 19. Rxf6 Bxf6 20. Nd5 Ne2+ 21.
Qxe2 Bd4+ 22. Kh1 Qb5 23. Qxb5 axb5 24. Be3 Bxb2 25. Rb1 Be5 26. Nf3 f6 27.
Rxb5 Rb8 28. a4 Ra8 29. a5 Rf7 30. g4 Rfa7 31. Nxe5 fxe5 32. Bd2 Kf7 33. Rb3
Kg7 34. Rb6 Rf8 35. g5 Rf2 36. Bc3 Re2 37. a6 Rf7 38. Nf6 Rc2 39. Rb8 Rf8 40.
a7 Ra2 41. Rb7+ Rf7 42. Ne8+ Kf8 43. Rxf7+ Kxf7 44. Nxd6+ Ke6 45. Nb5 Kd7 46.
Bxe5 Kc6 47. Nc3 Rxa7 48. Kg2 c4 49. Kf3 Rf7+ 50. Bf6 Rh7 51. Kg3 Kd6 52. Nd5
Ra7 53. h4 Ke6 54. Kf4 Rh7 55. Kg4 Kd6 56. Nf4 Rc7 57. Bc3 Ra7 58. Nxg6 Ra4 59.
Kf5 Kd7 60. Nf4 1-0

[Event "XLVIII C.to Torinese Assoluto 2003"]
[Site "Torino ITA"]
[Date "2004.01.??"]
[Round "5"]
[White "Fortino, Fabrizio"]
[Black "Vinciguerra, Marco"]
[WhiteElo "1786"]
[BlackElo "2141"]
[Result "1-0"]
[PlyCount "53"]
[EventDate "2004.01.??"]

1. e4 d5 2. exd5 Nf6 3. d4 Nxd5 4. c4 Nb6 5. Nc3 g6 6. Nf3 Bg7 7. Be2 O-O 8.
Be3 Nc6 9. h3 e5 10. d5 Ne7 11. Qb3 Re8 12. Rd1 Nf5 13. Bg5 f6 14. c5 fxg5 15.
cxb6 axb6 16. d6+ Be6 17. Bc4 Kf7 18. Bxe6+ Rxe6 19. dxc7 Qe7 20. Ne4 h6 21.
O-O Nd4 22. Nxd4 exd4 23. f4 Ke8 24. Qd5 Rc8 25. Rde1 Rxc7 26. Nd6+ Rxd6 27.
Qxd6 1-0